000 00444nam a2200205Ia 4500
003 0100
008 130303s9999 xx 000 0 und d
040 _cARRUPELIB
050 _aHF5387.S727
100 _aStewart, David
245 _aBusiness ethics
260 _aNew York
260 _bThe McGraw-Hill
260 _C1996
300 _a313p.
300 _b 23 cm
650 _bEmpedocles
650 _cCosmology
942 _2lcc
_02
999 _c62495
_d62495